[Event "Groningen op"]
[Site "Groningen"]
[Date "1998.12.22"]
[Round "3"]
[White "Baklan, Vladimir"]
[Black "Aagaard, Jacob"]
[Result "1-0"]
[WhiteElo "2585"]
[BlackElo "2420"]
[Annotator "Aagaard,J"]
[PlyCount "55"]
[EventDate "1998.12.??"]
[EventType "swiss"]
[EventRounds "11"]
[EventCountry "NED"]
[SourceTitle "EXT 2001"]
[Source "ChessBase"]
[SourceDate "2000.11.22"]
[SourceVersion "1"]
[SourceVersionDate "2000.11.22"]
[SourceQuality "1"]

1. e4 c5 2. Nf3 Nc6 3. c3 Nf6 4. e5 Nd5 5. Na3 g6 6. Qb3 Nb6 7. d4 cxd4 8. cxd4
d5 9. exd6 Bg7 $2 (9... Be6 $1 10. Bc4 Nxc4 11. Nxc4 Bxc4 12. Qxc4 Qxd6 13. O-O
Rd8 $11) 10. d5 Ne5 11. Nxe5 Bxe5 12. Bb5+ Bd7 13. dxe7 Qxe7 14. O-O O-O 15.
Be3 Rfc8 16. Rad1 Bg4 17. Rd2 Nd7 18. h3 Bf5 19. Bd3 Bxd3 20. Qxd3 Nc5 21. d6
Nxd3 22. dxe7 Nxb2 23. Bd4 Bxd4 24. Rxd4 b5 25. Nxb5 Nc4 26. Rc1 a6 27. Rcxc4
Rxc4 28. Rd8+ 1-0

[Event "Groningen op"]
[Site "Groningen"]
[Date "1998.??.??"]
[Round "5"]
[White "Jonkman, Harmen"]
[Black "Aagaard, Jacob"]
[Result "0-1"]
[WhiteElo "2310"]
[BlackElo "2420"]
[Annotator "Aagaard,J"]
[PlyCount "56"]
[EventDate "1998.12.??"]
[EventType "swiss"]
[EventRounds "11"]
[EventCountry "NED"]
[SourceTitle "EXT 2001"]
[Source "ChessBase"]
[SourceDate "2000.11.22"]
[SourceVersion "1"]
[SourceVersionDate "2000.11.22"]
[SourceQuality "1"]

1. e4 c5 2. c3 Nf6 3. e5 Nd5 4. Nf3 Nc6 5. Bc4 Nb6 6. Bb3 g6 7. d4 cxd4 8. Ng5
d5 9. exd6 e6 10. Ne4 Bg7 11. O-O O-O 12. Re1 Kh8 13. Na3 a5 14. cxd4 a4 15.
Bc4 Nxc4 16. Nxc4 b5 17. Ne5 Nxe5 18. dxe5 Bxe5 19. Bg5 f6 20. Bh6 Rf7 21. Ng5
Rd7 22. Nxe6 Qb6 {[%tqu "En","Here white failed. How could he have won at
once?","","","e6c7","Correct! But how to finish of against the best defence?",
10]} 23. Rxe5 (23. Nc7 $1 Rb8 (23... Rxd6 24. Nxa8 $18) 24. Rxe5 fxe5 25. Qd5
Qxd6 {[%tqu "En","And how to finish of?","","","h6g7","",10]} 26. Bg7+ $3)
23... fxe5 24. Bf8 Rf7 25. Nc7 Qxf2+ 26. Kh1 Bb7 27. Qg1 Raxf8 28. h3 Qg3 0-1

[Event "Tata Steel-A 79th"]
[Site "Wijk aan Zee"]
[Date "2017.01.14"]
[Round "1"]
[White "Adhiban, Baskaran"]
[Black "Van Wely, Loek"]
[Result "1/2-1/2"]
[WhiteElo "2653"]
[BlackElo "2695"]
[Annotator "Adhiban,B"]
[PlyCount "118"]
[EventDate "2017.01.14"]
[EventType "tourn"]
[EventRounds "13"]
[EventCountry "NED"]
[EventCategory "21"]
[SourceTitle "CBM 177"]
[Source "ChessBase"]
[SourceDate "2017.03.16"]
[SourceVersion "1"]
[SourceVersionDate "2017.03.16"]
[SourceQuality "1"]

{My first super tournament! I had a mix of emotions running through and as
Kasparov famously said before his first super tournament, "The point between
rage and serenity" Ah, I am wrong :), this is from the movie X-men First Class.
The real quote of Kasparov, "I had to strike a balance between awe and
respect!"} 1. e4 c5 2. c3 {This felt like the right way to kickstart the
tournament :), Since one of my earlier coaches Mr. T.S.Ravi showed me his cool
games in this system when I was in Chennai some days before the start of the
event.} d5 3. exd5 Qxd5 4. d4 e6 5. Nf3 Nf6 6. Na3 Qd8 {Loek had already
reached this position twice.} 7. Nc4 Be7 {His first deviation from his
previous games.} (7... Nc6 {was his preference mostly.}) 8. Bd3 Nbd7 9. O-O O-O
10. Bf4 $1 {[%csl Yd6] 8...Nbd7 had weakened the d6-square so I decided to
target it.} b6 11. Nd6 Nh5 12. Be5 $1 (12. Nxc8 Nxf4 13. Nxe7+ Qxe7 {was
another option but it felt like Black's active pieces totally compensate for
the bishop deficit.} 14. Bc2 {was going to be my backup option in case, the
text move wouldn't suit me.}) 12... Nxe5 13. dxe5 Bxd6 14. exd6 Bb7 15. Re1 $1
{[%cal Gd3e4]} (15. Ne5 {would be premature due to} Nf4 $15) 15... Nf6 (15...
g6 $5 {is another possibility, though White's position is preferable after} 16.
Be4 $1 Bxe4 17. Rxe4 {with a stronghold on d6.}) 16. Ne5 g6 17. Bb5 ({A better
move was} 17. Bc2 $16 {keeping Black's forces in check.}) 17... Qc8 $6 (17...
Ne4 $1 {Black could have pounced on this chance to activate this pieces.} 18.
Nd7 $5 (18. Nc6 Qxd6 19. Rxe4 {looks lost for Black but he has} Qc7 $1 {
with an extra pawn.}) 18... a6 (18... Re8 19. Ba4 a6 20. Ne5 Rf8 21. f3 Nxd6
22. Nd7 $16) 19. Ba4 Qg5 $1 (19... b5 20. Nxf8 bxa4 21. Nxe6 $1 fxe6 22. Qg4
$16 {and White gets the upper hand due to the loosely placed black pieces and
his hopelessly weak pawns :).}) 20. Qf3 Rfd8 21. Nxb6 Rab8 22. Qe3 $1 Qxe3 23.
Rxe3 Nxd6 24. Nd7 Rbc8 {with an equal endgame.}) 18. Qa4 $5 ({After the game
my friend Vishnu suggested this as a better option and he was right! (as
always :))} 18. c4 $1 a6 19. Ba4 {with complete control over the blockading
square!}) 18... a6 19. Bf1 $5 {You should keep more pieces when you have
aggressive intentions :).} (19. Bc6 $5 {was a decent option and also my
original intention.} Bxc6 20. Qxc6 Qxc6 21. Nxc6 Nd7 {I felt Black had
reasonable saving chances here.}) 19... b5 20. Qh4 Qd8 21. Rad1 Kg7 (21... Nd5
22. Qh6 Qxd6 23. Rd3 $5 ({Also very interesting was} 23. Re3 Qc7 (23... Rfe8 {
is met by} 24. Nxf7 $1) 24. Rh3 f5 {Black is holding the fort as} 25. Nxg6 {
is always met by} Rf6) 23... Qc7 24. Rh3 f5 {It looks like Black has stopped
the attack but White has the nasty} 25. c4 $1 (25. Nxg6 Rf6 $1 {is the main
issue for White.}) 25... bxc4 26. Bxc4 {with an ongoing attack.}) 22. a4 $6 (
22. c4 $1 {was stronger} bxc4 23. Qxc4 {, but I felt Black would have a solid
outpost on d5, but in reality it doesn't matter that much.}) 22... c4 23. axb5
(23. Qd4 Bd5) 23... axb5 24. b3 $1 cxb3 25. Bxb5 (25. Qb4 Qa5 26. Qxb3 Bd5 27.
Qxb5 Qxc3 {looked like nothing for me.}) 25... Nd5 (25... Qa5 $1 26. c4 Qc3 {
I was concerned about this and rightly so :), suddenly White has to be careful
not to get worse.}) 26. Qd4 Qf6 27. c4 (27. Bf1 $5 {I did feel this was good,
but somehow rejected it.}) ({Another strong move was} 27. Rb1 $5 Ra3 28. g3 $16
{White is just clearly better.}) 27... Nf4 28. Bc6 Bxc6 29. Nxc6 Qxd4 30. Nxd4
b2 31. g3 e5 32. Nb5 Ne6 33. Rb1 (33. Rxe5 Ra1 34. Ree1 Rfa8 $132) 33... Rfc8 {
I breathed a sigh of relief when Loek went for this.} ({he had the stronger} 
33... Nc5 {Black looked totally fine here.} 34. Kg2 (34. Red1 Na4 $15) (34.
Rxe5 Ra1 35. Ree1 Rfa8 36. Kg2 Nd3 37. Red1 Rxb1 38. Rxb1 Kf6 $15) 34... Nd3
35. Re3 Ra1 36. Nc3 Rxb1 37. Nxb1 e4 $1 38. Rxe4 Kf6 {with a probable draw as
White will have to give up both his c & d-pawns to get rid of Black's strong
b-pawn.}) 34. Rxb2 Rxc4 35. Rxe5 Ra1+ 36. Kg2 Rd1 37. h4 {Creating a safe
house for the king.} h5 38. Ree2 Rc5 39. Rec2 Re5 {Missing my nasty idea.} (
39... Rxc2 40. Rxc2 Nd4 $1 41. Nxd4 Rxd4 42. Rc6 Kf6 $11) 40. Nc7 $1 Ree1 (
40... Rxd6 41. Ne8+ $18) 41. Rd2 {I have managed to retain the extra pawn with
good winning chances.} Nd8 42. Nd5 {Changing the configuration of the pieces.}
Nc6 43. Ne3 ({There is also the very similar} 43. Nc3 $5) 43... Rg1+ 44. Kf3
Rxd2 45. Rxd2 Kf6 46. Nd5+ (46. Nc4 Rb1 $1 (46... Ke6 47. d7 Nd8 $5 (47... Ke7
48. Kf4 $1 Nd8 49. Kg5 Ne6+ 50. Kh6 $16 {and White should win soon.}) 48. Kf4
$16 {[%cal Gf4g5,Gg5h6] preparing to penetrate via the kingside.}) 47. d7 Ke7 {
Black can fight on...}) (46. d7 Nd8 47. Nc4 Rc1 48. Nd6 Ke6 49. Nc8 Rc5 {
It is difficult to proceed.}) 46... Ke6 47. Nf4+ Kd7 48. Nd3 $1 {I was proud
of this knight manoeuvre.} Nd8 (48... Kxd6 49. Nb4+ Kc5 50. Rc2+ $1 Kxb4 51.
Rxc6 $18) 49. Nc5+ Kc6 50. Ne4 Kd7 51. Ra2 (51. Nf6+ Ke6 52. Nh7 $5 {was a
funny idea.}) 51... Nc6 52. Rb2 f5 53. Rb7+ Ke6 54. Ng5+ Kxd6 55. Kf4 Rf1 56.
Nf7+ (56. Rb2 $1 {was the best chance when Black still has some practical
problems.}) 56... Ke6 57. Ng5+ Kd6 58. Nf7+ Ke6 59. Ng5+ Kd6 {I was planning
to continue with Rb2, but I didn't realise that I had already repeated the
position three times and Luke wasn't planning to suffer any more :).} 1/2-1/2

[Event "Olympiad-32"]
[Site "Yerevan"]
[Date "1996.09.20"]
[Round "5.2"]
[White "Zarnicki, Pablo Adrian"]
[Black "Alterman, Boris"]
[Result "0-1"]
[WhiteElo "2540"]
[BlackElo "2590"]
[Annotator "Alterman,B"]
[PlyCount "124"]
[EventDate "1996.09.15"]
[EventType "team-swiss"]
[EventRounds "14"]
[EventCountry "ARM"]
[SourceTitle "CBM 055"]
[Source "ChessBase"]
[SourceDate "1996.12.01"]
[SourceVersion "1"]
[SourceVersionDate "1996.12.01"]
[SourceQuality "1"]
[WhiteTeam "Argentina"]
[BlackTeam "Israel"]
[WhiteTeamCountry "ARG"]
[BlackTeamCountry "ISR"]

1. e4 c5 2. c3 Nf6 3. e5 Nd5 4. Nf3 d6 5. d4 cxd4 6. cxd4 Nc6 7. Bc4 Nb6 8. Bb5
dxe5 9. Nxe5 Bd7 10. Bxc6 Bxc6 11. Nxc6 bxc6 12. O-O e6 13. Nc3 Be7 14. Bf4 $6
(14. Be3 $142) (14. Qg4 O-O 15. Rd1 Nd5 16. Bh6 Bf6 17. Ne4 Kh8 18. Bg5 {
Sermek,D-Golubev,M/Biel op/1994/}) 14... O-O 15. Re1 (15. Be5 Qd7 16. Qe2 a5
17. Rfd1 f6 18. Bg3 Rfe8 19. Rac1 a4 20. Qc2 Ra5 21. a3 Bf8 22. h3 Ra6 23. Rd3
Qa7 24. Qe2 Qd7 25. Qc2 Qa7 26. Qe2 {Dolmatov,S-Vaisser,A/Novosibirsk/1993/0,5/
26/CBM_36/}) 15... Qd7 (15... Nd5 $10) 16. Be5 Nc4 $1 17. Qe2 Nxe5 18. dxe5
Rfd8 $15 {x e5,b2} 19. Rad1 Qc7 20. g3 h6 21. Kg2 Qa5 22. Qe4 Qb6 23. Rxd8+ (
23. b3 Bb4 24. Na4 Qb5 25. Rxd8+ Rxd8 26. Rc1 c5 $15) (23. Na4 Qb5) 23... Rxd8
24. Rd1 Rxd1 $1 (24... Qxb2 25. Rxd8+ Bxd8 26. Qxc6 Bb6 27. Qa8+ Kh7 28. Qe4+
g6 (28... Kg8 $10) 29. Qf4 $1 Kg7 30. Ne4) 25. Nxd1 Bc5 26. b3 Bd4 $1 $15 {
x Nd1,e5,f2} 27. f4 (27. Ne3 Qc5 28. Nc4 Bxf2 $17) 27... Qc5 28. Kf3 h5 $1 29.
Qd3 $1 (29. Ne3 Qc3 30. Ke2 c5 31. Qd3 (31. Qa8+ Kh7 32. Qe4+ g6) 31... Qa1 32.
Qc2 Qg1 $19) 29... g5 $1 30. Qc4 (30. fxg5 $142 Qxe5 31. h4) 30... g4+ $17 31.
Ke2 Qb6 32. Qd3 c5 33. Kf1 Kg7 34. Qe2 Qc6 $6 (34... a5 $1 35. Nf2 a4 36. Qc2 (
36. Qc4 Qc6 37. bxa4 Qf3 38. Qe2 c4 39. Qxf3 gxf3 40. a5 c3 41. Nd3 c2 42. a6
Be3 43. h3 Kg6 44. g4 h4 45. a4 Kg7 46. a5 Kf8 47. Ke1 Ke7 48. Kf1 Kd7 49. Ke1
Kc7 50. Kf1 Bxf4 $19) 36... Qa6+ 37. Kg2 (37. Qd3 Qxd3+ 38. Nxd3 axb3 39. axb3
Kg6 40. b4 c4 41. Nc5 c3 42. Ke2 Bg1 43. Ne4 Bxh2 44. b5 h4 45. Nxc3 Bxg3 46.
Ke3 h3 47. Ne2 Be1 $19) 37... axb3 38. axb3 Qa8+ $1 39. Ne4 Qa1 40. Nf2 Qe1 $19
) 35. Nf2 $1 $15 Bxf2 36. Kxf2 Qd5 $1 37. Kg1 a5 38. Qf2 $6 Qd1+ 39. Qf1 Qc2
40. Qf2 Qb1+ 41. Kg2 a4 (41... Kg6 $1 42. Qxc5 Qxa2+ 43. Kg1 Kf5 44. Qc7 (44.
Qe3 Qb1+ 45. Kf2 Qc2+ 46. Kg1 Qe4 47. Qd2 h4 $17) 44... Ke4 45. Qc6+ Ke3 46.
Qc5+ Kd3 47. Qc4+ Kd2 $17) 42. bxa4 c4 43. Qd2 $1 Qb7+ 44. Kg1 Qb6+ 45. Kf1 Qc6
46. Qd8 $1 Qh1+ 47. Ke2 Qxh2+ 48. Kd1 Qh1+ 49. Kc2 Qd5 50. Qf6+ (50. Qxd5 $2
exd5 51. a5 h4 52. gxh4 (52. a6 hxg3 53. a7 g2 54. a8=Q g1=Q 55. Qxd5 Qf2+ 56.
Kc3 Qf3+) 52... g3 53. a6 g2 54. a7 g1=Q 55. a8=Q Qg2+ $1 56. Kd1 c3 $19) 50...
Kf8 51. Qh8+ Ke7 52. Qf6+ $1 Ke8 53. Qh8+ Kd7 54. Kc3 $4 (54. Qxh5 $1 Qd3+ 55.
Kc1 Qc3+ 56. Kb1 Kc6 57. Qxf7 $140 $10 Kd5 58. Qb7+ Kd4 $4 59. Qb2 $18) 54...
Qd3+ $19 55. Kb4 c3 56. Qf8 c2 57. Qxf7+ Kc8 58. Qe8+ Qd8 59. Qxe6+ Qd7 60.
Qc4+ Qc7 61. Qg8+ Kb7 62. Qd5+ Ka7 0-1

[Event "Dortmund"]
[Site "Dortmund"]
[Date "1994.??.??"]
[Round "8"]
[White "Adams, Michael"]
[Black "Lutz, Christopher"]
[Result "1-0"]
[WhiteElo "2675"]
[BlackElo "2595"]
[Annotator "Ambroz,J"]
[PlyCount "81"]
[EventDate "1994.07.??"]
[EventType "tourn"]
[EventRounds "9"]
[EventCountry "GER"]
[EventCategory "16"]
[SourceTitle "CBM 042"]
[Source "ChessBase"]
[SourceDate "1994.10.01"]
[SourceVersion "1"]
[SourceVersionDate "1994.10.01"]
[SourceQuality "1"]

1. e4 c5 2. c3 d5 3. exd5 Qxd5 4. d4 Nf6 5. Nf3 Bg4 6. Be2 Nc6 7. h3 Bh5 8. c4
Qd6 9. d5 Bxf3 10. Bxf3 Nd4 11. Nc3 (11. O-O O-O-O 12. Nc3 e5 13. Be3 Kb8 (
13... Nd7 14. a3 f5 15. b4 Qf6 16. Be2 Kb8 17. Rb1 Rc8 {0,5/Godena-Garcia,Rau/
Lisabon/1993/}) 14. a3 Qa6 15. Be2 Nd7 16. b4 Be7 17. Rb1 Nf5 18. Ne4 Nd4 19.
bxc5 Nxc5 20. Bxd4 exd4 21. Qxd4 Nxe4 22. Qxe4 Bc5 23. d6 Rhe8 24. Qf3 Rxd6 25.
Rb5 {Rosentalis-Savchenko/Tbilisi/1989/}) 11... g6 12. Be3 Nxf3+ (12... Bg7 $5
13. Bxd4 $140 cxd4 14. Qxd4 Qb4 (14... O-O 15. O-O (15. c5 Qc7 16. O-O Nd7)
15... Nd7 16. Qe3 Qb4 17. Rfc1 $14) 15. O-O $1 O-O $14 (15... Nh5 16. Qe3 Qxb2
(16... Qxc4 17. d6) 17. d6)) 13. Qxf3 Bg7 14. O-O O-O 15. Rfe1 $5 {>< Pe7} Rfe8
(15... a6 16. Bf4 Qd7 17. Be5 $14 (17. Qe3 Rfe8 18. Qxc5 Rac8 19. Qb4 b5 $1 $44
) 17... b5 $132) 16. Rad1 a6 17. Bf4 Qd7 18. Be5 $1 Qf5 $5 (18... b5 $5 19. d6
$1 bxc4 (19... b4 20. Bxf6 $1 exf6 (20... Bxf6 21. Nd5) 21. Re7 $1 $16) 20.
Bxf6 $1 Bxf6 21. dxe7 Bd4 22. Ne4 $16 Qxe7 $140 23. Rxd4 $1) 19. Qe3 (19. Qxf5
gxf5 {>< e4} 20. Na4 (20. d6 exd6 21. Bxd6 Ne4 22. Nxe4 fxe4 23. Bxc5 Bxb2 24.
Rb1 $14 (24. Bd4 $5)) 20... Ne4 $1 21. Bxg7 Kxg7 22. f3 Nd6 $10) 19... h5 $5
20. Na4 (20. Qxc5 $2 Nd7) 20... e6 $132 21. d6 $1 (21. Nxc5 exd5 22. cxd5 b6)
21... Nd7 (21... b5 22. Nb6) 22. Bxg7 Kxg7 23. Nc3 b5 24. b3 (24. cxb5 axb5 25.
a3 Ra5 $5 (25... b4 26. axb4 cxb4 27. Ne4 {/\ Rc1} (27. Qd4+ Kh7 28. Ne4 $14 (
28. Qxb4 Reb8)))) 24... bxc4 (24... b4 $5 {/^ a1-h8, >< c3} 25. Ne4 a5 {
/\ a5-a4}) 25. bxc4 Rab8 26. Ne4 Rb6 27. Qc3+ Qe5 (27... Kh7 28. Rd3 Ne5 29.
Rg3 $16) (27... Kg8 28. Rd3 $14) (27... e5 28. Qa5 $14 Rc8 (28... Rc6 29. Rb1)
29. Rd5) 28. Qxe5+ Nxe5 29. Nxc5 Nxc4 30. d7 Rd8 31. Re4 Nd6 (31... Nb2 32. Rd2
{/\ Nb3}) 32. Rxe6 $1 fxe6 33. Nxe6+ Kf7 34. Nxd8+ Ke7 35. Ne6 Kxd7 36. Nf8+
Kc7 37. Nxg6 Rb2 38. a3 Ra2 39. Nf4 $18 h4 40. Nd5+ Kd7 41. Nc3 1-0

[Event "Biel MTO op"]
[Site "Biel"]
[Date "1994.??.??"]
[Round "3"]
[White "Topakian, Raffi"]
[Black "Joksic, Sinisa"]
[Result "1-0"]
[WhiteElo "2305"]
[BlackElo "2320"]
[Annotator "Ambroz,J"]
[PlyCount "75"]
[EventDate "1994.07.??"]
[EventType "swiss"]
[EventRounds "11"]
[EventCountry "SUI"]
[SourceTitle "CBM 042"]
[Source "ChessBase"]
[SourceDate "1994.10.01"]
[SourceVersion "1"]
[SourceVersionDate "1994.10.01"]
[SourceQuality "1"]

1. e4 c5 2. Nf3 a6 $5 {Csom} 3. c3 (3. d4 cxd4 4. Nxd4 e5) 3... e6 4. d4 d5 5.
exd5 exd5 6. Be3 $5 c4 $5 7. b3 $1 b5 (7... cxb3 $142 8. axb3 Bd6) 8. Ne5 Ne7 (
8... Bb7 9. Qf3 (9. bxc4 dxc4) 9... Qf6 (9... Nf6 10. bxc4 bxc4 11. Bxc4) 10.
Bf4) (8... Nf6 $5 9. bxc4 dxc4 10. Qf3 Ra7) 9. bxc4 bxc4 10. Nd2 f6 (10... Nbc6
11. Qa4 Bd7 12. Nxd7 Qxd7 13. Be2 $14) 11. Nexc4 $1 dxc4 12. Bxc4 {/^ a2-g8}
Bb7 13. O-O Nd5 (13... Bd5 $142 $5) 14. Rb1 $1 Bc6 15. Re1 Be7 16. Qh5+ g6 17.
Qh6 Kf7 18. Bf4 $5 Nd7 {[#]} (18... Bf8 $142) 19. Bc7 $1 Bf8 (19... Qxc7 20.
Rxe7+ $1 Kxe7 21. Qg7+ Kd6 22. Ne4+ Ke6 23. Re1) (19... Qf8 20. Qh3) 20. Qf4
Qc8 21. Qf3 Kg7 22. Bxd5 Bxd5 23. Qxd5 $18 Ra7 24. Ba5 h5 25. Ne4 h4 26. Nd6
Bxd6 27. Qxd6 Re8 28. h3 g5 29. Re7+ Rxe7 30. Qxe7+ Kh6 31. Re1 Rb7 32. Bb4 Kg6
33. Qe4+ Kg7 34. Qf5 Nb6 35. Re6 Rf7 36. Be7 Qxc3 37. Bxf6+ Kf8 38. Be7+ 1-0

[Event "Vejle"]
[Site "Vejle"]
[Date "1994.??.??"]
[Round "?"]
[White "Nunn, John DM"]
[Black "Sher, Miron Naumovich"]
[Result "1-0"]
[WhiteElo "2605"]
[BlackElo "2520"]
[Annotator "Ambroz,J"]
[PlyCount "51"]
[EventDate "1994.02.??"]
[EventType "tourn"]
[EventRounds "9"]
[EventCountry "DEN"]
[EventCategory "10"]
[SourceTitle "CBM 040"]
[Source "ChessBase"]
[SourceDate "1994.06.01"]
[SourceVersion "1"]
[SourceVersionDate "1994.06.01"]
[SourceQuality "1"]

1. e4 {Blatny,P} c5 2. c3 d5 3. exd5 Qxd5 4. Nf3 (4. d4 e5 $5) 4... Nc6 (4...
Nf6 {Blatny,P} 5. d4 Bg4) (4... e5 $5 {Blatny,P}) 5. d4 Bg4 6. Be2 e6 (6...
O-O-O $5 7. O-O (7. Be3 e5 {><d4} 8. dxc5 (8. c4 Qd7 9. dxc5 (9. d5 Bxf3 10.
Bxf3 Nd4 11. Nc3 f5 $132) 9... Nd4 10. Nxe5 Bxe2 11. Qxe2 Qf5 12. Bxd4 Rxd4 13.
Nc3 Bxc5 14. O-O Nf6 15. Nf3 Rf4 $44 {Klinger-Corbin, Dubai olm 1986}) 8...
Qxd1+ 9. Bxd1 f5 10. h3 Bxf3 11. Bxf3 f4 12. Bc1 Bxc5 13. Nd2 Nf6 14. Ne4 Nxe4
15. Bxe4 Ne7 (15... Rd6 16. Ke2 Ne7 17. a4 Nd5 18. Rd1 $14 {Lematschko-Kiss,A,
Zurich op 1988}) 16. Ke2 $10 {Barlov-Krnic, V. Banja 1983}) 7... Nf6 8. Be3
cxd4 9. cxd4 Qa5 10. Nbd2 $1 Bxf3 11. Bxf3 Nxd4 12. Bxd4 Rxd4 13. Rc1+ $36 Kb8
14. Qc2 Qd8 15. Nb3 Rd6 16. Nc5 Nd5 17. Qb3 b6 18. Na6+ Kb7 19. Rc7+ $1 Ka8 20.
Bxd5+ Rxd5 21. Rc8+ Qxc8 22. Qxd5+ Qb7 {Kotliar-Beckman/World Open(10)/1989/
1-0 (23)}) 7. h3 Bh5 8. c4 Qd6 (8... Qd7 9. g4 Bg6 10. d5 exd5 11. cxd5 Nb4 12.
Ne5 Qxd5 13. Bb5+ Kd8 14. O-O Kc7 15. Nc3 Qxd1 16. Rxd1 a6 17. Bf4 $1 Kb6 18.
Bc4 Nf6 19. a3 Nc6 20. Na4+ Ka7 21. Nxc6+ bxc6 22. g5 Nd5 23. Bxd5 cxd5 24.
Rxd5 Kb7 25. Rd7+ {Adamski,A-Schneider,L._A/Wroclaw 31/194/1981/1-0 (43)}) (
8... Qd8 9. d5 $1 exd5 10. g4 Bg6 11. cxd5 Qa5+ 12. Nbd2 Nd4 13. Nxd4 cxd4 14.
O-O $36 d3 15. Bf3 Qa6 16. Re1+ Be7 17. d6 $1 Qxd6 18. Nc4 Qd7 19. Ne5 Qb5 20.
a4 Qa6 21. b4 Rd8 22. b5 Qd6 23. Ba3 Qd4 24. Qd2 Kf8 25. Bb2 {Dorfman-Lukin /
URS-ch otbor/1975/1-0 (33)}) 9. g4 (9. d5 Bxf3 $8 10. Bxf3 Nd4 11. O-O (11.
Qa4+ b5 $1) 11... e5 $5 (11... Nf6 12. dxe6 fxe6 13. Bxb7 Rb8 14. Bf3 Be7 15.
Nc3 $14 O-O 16. Rb1 (16. Re1) 16... Nd7 $6 17. Be4 Ne5 18. f4 Nxc4 19. Qd3 Nb6
20. Bxh7+ Kh8 21. Bg6 Nf5 22. Qf3 Qd4+ 23. Kh2 Nd5 24. Rd1 Qf6 25. Qh5+ {
Dutschak,H-Winkler,A/WÜRT-MM8990/1990/1-0 (60)}) 12. Nc3 $5 (12. Re1 O-O-O $8
13. b4 $1 cxb4 $1 14. Be3 Qb6 15. Nd2 Bc5 16. Nb3 Nf6 $1 17. Rb1 Nxb3 18. Rxb3
Nd7 19. Bg4 Kb8 $6 (19... Kc7 $5) 20. Bxd7 $1 Rxd7 21. Qg4 Bxe3 22. Rexe3 Rhd8
23. Qxg7 f6 24. Qg4 $14 {Khmelnitsky,I-Dlugy,M/New York op/1992/0-1 (51)})
12... O-O-O 13. Be3 f5 14. b4 $1 cxb4 $6 15. Bxd4 bxc3 {Vlassov-Landa,
Polanica Zdroj op 1993} 16. c5 Qc7 17. d6 Bxd6 18. Rb1 $1 exd4 19. cxd6 Rxd6
20. Rxb7 Qc4 21. Rxa7 $18) 9... Bg6 10. d5 Nb4 (10... exd5 {Blatny,P} 11. cxd5
Nb4 12. Qa4+ Kd8 13. Na3 $36) 11. O-O $1 f6 $6 (11... Nc2 12. Nc3 $1 (12. Na3 {
Blatny,P} Nxa1 13. Be3 exd5 14. cxd5 Nf6 15. Qa4+ Kd8 16. Nc4 Qc7 17. Rxa1 $44)
12... Nxa1 13. Nb5 Qb8 14. Qa4 Bc2 15. b3 Kd8 $1 16. dxe6 $1 {><d7} Nxb3 (16...
a6 17. Bg5+ f6 18. Na3 Qd6 19. Rxa1 Qxe6 (19... fxg5 20. Nxc2 Qxe6 21. Nxg5 Qe7
(21... Qxe2 22. Re1) 22. Ne3 $1 Qxg5 23. Rd1+ Kc7 24. Rd7+ Kc8 25. Rxb7 $3 $18)
20. Nxc2 (20. Re1 $5) 20... Qxe2 (20... fxg5 21. Nxg5) 21. Qa5+ Kd7 22. Qc3 $5
{/\ Re1} Qe6 23. Rd1+ $44) 17. axb3 fxe6 18. Na3 $16) (11... exd5 $5) 12. Nc3
Nc2 (12... exd5 {Blatny,P} 13. cxd5 O-O-O 14. Bc4 Nc2 15. Nb5 Qb8 16. Rb1 Nd4
17. Nfxd4 Bxb1 18. Ne6 Bg6 19. Bf4 Qa8 20. Nbc7 Qb8 21. Nxd8 $18) 13. Nb5 Qb6 (
13... Qb8 14. Rb1 $16) 14. Bf4 (14. dxe6 {Blatny,P} Rd8 $17) 14... e5 (14...
Rc8 15. Rc1) 15. Nxe5 $1 $18 fxe5 (15... Nxa1 16. Nxg6 hxg6 17. Nc7+) 16. Bxe5
O-O-O (16... Nxa1 {Blatny,P} 17. Nc7+ Kf7 18. Nxa8 Qd8 19. f4 $1 $40) 17. g5 $5
h5 (17... Ne7 18. Bg4+ Rd7 19. Rc1) (17... Bf5 {Blatny,P} 18. Bg4 $1 Bxg4 19.
Qxg4+ Rd7 20. Qf5 $1 $18) 18. Rc1 Nb4 19. Bc7 Qxb5 (19... Qa6 {Blatny,P} 20.
Bxd8 $18) 20. cxb5 Kxc7 21. Bc4 Ne7 22. Qf3 Nc2 23. Rfd1 Nd4 24. Rxd4 cxd4 25.
Qf4+ Kd7 (25... Rd6 {Blatny,P} 26. b6+ axb6 27. Bb5+ $18) 26. b6 1-0

[Event "Dortmund"]
[Site "Dortmund"]
[Date "1992.??.??"]
[Round "5"]
[White "Ivanchuk, Vassily"]
[Black "Kasparov, Garry"]
[Result "1/2-1/2"]
[WhiteElo "2720"]
[BlackElo "2780"]
[Annotator "Anand,V"]
[PlyCount "53"]
[EventDate "1992.04.16"]
[EventType "tourn"]
[EventRounds "9"]
[EventCountry "GER"]
[EventCategory "17"]
[SourceTitle "CBM 029"]
[Source "ChessBase"]
[SourceDate "1992.08.01"]
[SourceVersion "1"]
[SourceVersionDate "1992.08.01"]
[SourceQuality "1"]

1. e4 c5 2. c3 Nf6 3. e5 Nd5 4. Nf3 Nc6 5. Bc4 Nb6 6. Bb3 d5 7. exd6 exd6 (7...
Qxd6 8. d4 cxd4 9. O-O Be6 10. Bxe6 Qxe6 11. Nxd4 {etc}) 8. d4 Bg4 9. h3 Bh5
10. Be3 Be7 (10... cxd4 11. Bxd4 Nxd4 12. Qxd4 $16) 11. dxc5 dxc5 12. Na3 O-O
13. O-O Qc8 14. Bf4 Rd8 15. Qe2 Bf8 16. Rfe1 Qf5 (16... Re8 17. Qxe8 Qxe8 18.
Rxe8 Rxe8 $10) 17. Bg3 Bxf3 (17... Re8 18. Qxe8 Rxe8 19. Rxe8 Bxf3 20. gxf3 $13
) 18. Qxf3 Qxf3 19. gxf3 Rd7 20. Rad1 Rad8 21. Rxd7 Rxd7 22. Re8 (22. Rd1 Rxd1+
23. Bxd1 $14) 22... g6 23. Nc4 Nxc4 24. Bxc4 Kg7 25. Bf4 Bd6 26. Be3 a6 27. Kf1
1/2-1/2